00893cam a2200241Ma 450000500170000000800410001702000150005802000180007304000500009104100080014110000150014924501670016426000370033130000420036849000180041065000350042865000360046365000340049970000300053370000210056370000380058476500290062220180312142004.0140507s1999 ck a gr 000 j spa d a9580449023 a9789580449027 aCO-BoUCMbspacJose A. GerenadJose A. Gerena aspa1 aOrlev, Uri13aLa pequeña niña grandecUri Orlev ; ilustración de Jacky Gleich ; versión alemana de Mirjam Pressler ; traducción al español de Selnich Vivas Hurtado aBogotá (Colombia)bNormac1999 a[32] páginasbilustraciones a color1 aBuenas noches 7aLibros y lectura para niños  7aCuentos ilustrados para niños 7aLiteratura infantil israelí1 aGleich, Jackyeilustrador1 aPressler, Mirjam1 aVivas Hurtado, Selnichetraductor tDas kleine grobe madchen